Statistics for Divided Islands

Click here to take the quiz!

General Stats

  • This quiz has been taken 19 times
  • The average score is 6 of 17

Answer Stats

CountriesIsland% Correct
Indonesia, Malaysia, BruneiBorneo
100%
Ireland, UKIreland
100%
Dominican Republic, HaitiHispaniola
95%
Indonesia, Papua New GuineaNew Guinea
79%
Indonesia, Timor LesteTimor
74%
France, NetherIandsSt. Martin
58%
Chile, ArgentinaTierra del Fuego
53%
Canada, DenmarkHans
21%
Ukraine, RomaniaK
21%
Germany, PolandUsedom
21%
Bahrain, Saudi ArabiaPassport
16%
Finland, SwedenKataja
5%
Indonesia, MalaysiaSebatik
5%
USA, CanadaDall
0%
Finland, RussiaJahi
0%
Finland, RussiaKoiuoto
0%
Finland, SwedenMarket
0%

Score Distribution

Percentile by Number Answered

Percent of People with Each Score

Your Score History

You have not taken this quiz